000 00311nam a2200133Ia 4500
008 150301s2015 xx 000 0 und d
082 _a615.1
_bB07W
100 _aWHO
245 _aBASIC TESTS FOR PHARMACEUTICAL SUBSTANCE
260 _bWHO/AITBS
300 _a195
650 _aPHARMACEUTICS
942 _2ddc
_cBK
999 _c7239
_d7239